| 000 | 00761cam a2200205 4500 | ||
|---|---|---|---|
| 005 | 20220215083155.0 | ||
| 008 | 220215b mx ||||| |||| 00| 0 spa d | ||
| 020 | _a9701000811 | ||
| 050 | 0 | 0 |
_aHD37.S6 _bH47 1992 |
| 100 | 1 | _aHernández y Rodríguez, Sergio | |
| 245 | 1 | 0 |
_aFundamentos de administración _c/ Sergio Hernández y Rodríguez, Nicolás Ballesteros Inda ; rev. y asesoría técnica Alberto Bailey Gutiérrez |
| 250 | _a1a ed. | ||
| 260 |
_aMéxico : _bMcGraw-Hill, _cc1992 |
||
| 300 |
_axvi, 421 p. ; _c25 cm. _bil. ; |
||
| 504 | _aIncluye glosario e índice | ||
| 650 | 7 |
_aAdministración _xEstudio y enseñanza _2lemb |
|
| 700 | 1 |
_aBallesteros Inda, Nicolás, _eautor |
|
| 700 | 1 |
_aBailey Gutiérrez, Alberto, _erev. |
|
| 942 |
_2lcc _cLIB |
||
| 999 |
_c99229 _d99229 |
||